000 00341nam a2200145Ia 4500
008 191201s1990 xx 000 0 und d
082 _a539.7
100 _aNERSESOV, E A
245 0 _aFundamentals of Atomic and Nuclear Physics
250 _a1st
260 _aMoscow
_bMir Pub
_c1990
300 _a399
650 _aApplied
942 _2ddc
_cBK
999 _c588
_d588